000 02338cam a2200277 4500
001 6884
010 _a 99039675
020 _a0847695719 (cloth : alk. paper)
020 _a0847695727 (pbk : alk. paper)
082 0 0 _a302.23
_221
100 _aSparks, Colin.
_b
_c
_d
_e
_q
245 0 0 _aTabloid tales :
_bglobal debates over media standards /
_cedited by Colin Sparks and John Tulloch.
260 _aLanham, Md. :
_bRowman & Littlefield,
_cc2000.
300 _axiii, 315 p. :
_bill. ;
_c24 cm.
440 0 _aCritical media studies
504 _aIncludes bibliographical references and index.
505 _aChapter 1 Foreword Chapter 2 Introduction: The Panic over Tabloid News Part 3 Part One: Are the Tabloids Taking Over?Chapter 4 1 Political Space and the Trade in Television News Chapter 5 2 Does Tabloidization Make German Local Newspapers Successful? Chapter 6 3 Tabloidization in the British Press: A Quantitative Investigation into Changes in British Newspapers, 1952- 1997 Chapter 7 4 Thirty Years of Competition in the British Tabloid Press: The Mirror and the Sun, 1968-1998 Chapter 8 5 The Development of the Tabloid Press in Hungary Part 9 Part Two: Tabloid Journalism in Perspective Chapter 10 6 The Eternal Recurrence of New Journalism Chapter 11 7 The Home and Family Section in the Japanese Newspaper Chapter 12 8 Talking about the Tabloids: Journalists' Views Chapter 13 9 Tabloidized Political Coverage in the German Bild-Zeitung Chapter 14 10 Tabloidization, Media Panics, and Mad Cow Disease Part 15 Part Three: What Implications Does Tabloid Journalism Have for Society?Chapter 16 11 Audience Demands in a Murderous Market: Tabloidization of U.S. Television News Chapter 17 12 Literacy, Seriousness, and the Oprah Winfrey Book Club Chapter 18 13 Rethinking Personalization in Current Affairs Journalism Chapter 19 14 La Nota Roja: Popular Journalism and the Transition to Democracy in Mexico Chapter 20 15 Tabloidization, Popular Journalism, and Democracy.
650 0 _aJournalistic ethics.
650 0 _aMass media
_xMoral and ethical aspects.
650 0 _aSensationalism in journalism.
650 0 _aSensationalism on television.
650 0 _aTabloid newspapers.
700 1 _aSparks, Colin,
_d1947-
700 1 _aTulloch, John,
_d1946-
999 _c5823
_d5823